New Food Product Development : From Concept to Marketplace

Guardat en:
Dades bibliogràfiques
Autor principal: Fuller, Gordon W.
Format: Llibre
Idioma:Undetermined
Publicat: London CRC Press LLC 2005
Matèries:
Etiquetes: Afegir etiqueta
Sense etiquetes, Sigues el primer a etiquetar aquest registre!
Thư viện lưu trữ: Trung tâm Học liệu Trường Đại học Cần Thơ
LEADER 00670nam a2200241Ia 4500
001 CTU_93220
008 210402s9999 xx 000 0 und d
020 |c 96.86 
082 |a 664.0068 
082 |b F966 
100 |a Fuller, Gordon W. 
245 0 |a New Food Product Development : 
245 0 |b From Concept to Marketplace 
245 0 |c Gordon W. Fuller 
260 |a London 
260 |b CRC Press LLC 
260 |c 2005 
526 |a Phát triển sản phẩm mới 
526 |b NS336 
650 |a Food,Food,Product management 
650 |x Marketing,Research 
904 |i Năm,Hải 
980 |a Trung tâm Học liệu Trường Đại học Cần Thơ